000 00528nam a2200181Ia 4500
999 _c29117
_d29117
003 OSt
005 20201216151339.0
008 190216s9999||||xx |||||||||||||| ||und||
020 _a9788171302864
040 _coclc
082 _a894.812
_bSAN/S
100 _aSankaracharya, Sree
_97273
245 0 _aSoundarya Lahari /
_cSree Sankaracharya ; B C Balakrishnan
260 _bDc Books,
_a Kottayam:
_c2006.
300 _a232p
650 _aNiroopanam
942 _cBK
_2ddc
_h894.812
_iSAN/S
_k894.812
_mSAN/S